000 00425nam a22001817a 4500
003 koha_MIRAKIL
005 20241108000258.0
008 231213b |||||||| |||| 00| 0 ||| d
020 _b978-9-75403220-8
040 _aTR-IsEVY
_btur
_cTR-IsEVY
082 _a510 MOL/R
100 _aMOLE, KAREN BRYANT.
245 0 _aRAKAMLAR.
260 _bTÜBİTAK,
_c2008
300 _a24.
650 _aMatematik.
942 _2ddc
_cBK
999 _c3348
_d3348